000 00340nam a2200145Ia 4500
003 OSt
005 20231107065405.0
008 170524s9999 xx 000 0 und d
020 _a817446543X
040 _cIIMT
100 _aSENGUPTA- NILAJAN
245 0 _aEMOTIONAL INTELLIGENCE MYTH OR REALITY
260 _bEXCEL BOOKS
942 _2ddc
_c02
999 _c8265
_d8265